[Event "Montcalm 2 2023-24"]
[Site "Quebec CAN"]
[Date "2023.10.26"]
[Round "3"]
[White "Fecteau, Martin"]
[Black "Bergeron, Nicolas"]
[Result "1-0"]
[WhiteElo "1906"]
[BlackElo "1322"]
[PlyCount "88"]
[EventDate "2023.10.12"]
[EventType "swiss"]
[EventRounds "5"]
[EventCountry "CAN"]

1. d4 Nf6 2. Bf4 c5 3. e3 Qb6 4. Qc1 Nc6 5. c3 d5 6. Nf3 Bf5 7. Nbd2 Rc8 8.
dxc5 Qxc5 9. Nd4 Bg6 10. Nxc6 Qxc6 11. Nf3 Nd7 12. Be2 e6 13. O-O Bd6 14. Bg5
h6 15. Bh4 O-O 16. Nd4 Qb6 17. Nb5 Bb8 18. Be7 Rfe8 19. Ba3 a6 20. Nd4 Bd6 21.
Bxd6 Qxd6 22. Qd2 Ne5 23. Nf3 Nc4 24. Bxc4 Rxc4 25. Nd4 Rec8 26. f4 Bh7 27. Nf3
Qb6 28. Nd4 f6 29. Kh1 e5 30. fxe5 fxe5 31. Nf3 Re4 32. Qxd5+ Kh8 33. Nxe5 Rxe5
34. Qxe5 Qxb2 35. Rad1 Qxc3 36. Qe7 Qc2 37. Rd7 Rg8 38. Rd4 Qxa2 39. Qxb7 Qe2
40. Rdf4 Qxe3 41. Rf8 Bd3 42. Rxg8+ Kxg8 43. Qb3+ Kh8 44. Rd1 Qe2 1-0

[Event "Montcalm 2 2023-24"]
[Site "Quebec CAN"]
[Date "2023.10.26"]
[Round "3"]
[White "Genest, Dominic"]
[Black "Glode, Martin"]
[Result "0-1"]
[WhiteElo "1850"]
[BlackElo "1886"]
[PlyCount "69"]
[EventDate "2023.10.12"]
[EventType "swiss"]
[EventRounds "5"]
[EventCountry "CAN"]

1. c4 b6 2. Nf3 Bb7 3. g3 g6 4. Bg2 Bg7 5. O-O e5 6. d3 Ne7 7. Nc3 O-O 8. Rb1
d5 9. cxd5 Nxd5 10. Qb3 c6 11. Bg5 Qd7 12. Ne4 Na6 13. Rbc1 Rab8 14. a3 Nac7
15. Rc2 Ne6 16. Bh3 h6 17. Bxh6 Bxh6 18. Nxe5 Qe7 19. e3 Rfc8 20. Rfc1 c5 21.
Nc4 Rd8 22. Bg2 Nf6 23. Ncd2 Nxe4 24. Nxe4 Ng5 25. Nxg5 Bxg5 26. Qa4 Bxg2 27.
Kxg2 Rxd3 28. Qb5 Rbd8 29. b4 Qe4+ 30. f3 Qxe3 31. Rf2 Rd2 32. Rxd2 Rxd2+ 33.
Kh3 Qe6+ 34. g4 Bf4 35. Rh1 0-1

[Event "Montcalm 2 2023-24"]
[Site "Quebec CAN"]
[Date "2023.10.26"]
[Round "3"]
[White "Huxley, Zachary"]
[Black "Laflamme, Simon"]
[Result "1/2-1/2"]
[WhiteElo "1206"]
[BlackElo "1895"]
[PlyCount "46"]
[EventDate "2023.10.12"]
[EventType "swiss"]
[EventRounds "5"]
[EventCountry "CAN"]

1. e4 e6 2. d4 d5 3. exd5 exd5 4. Nf3 Nc6 5. Nc3 Nf6 6. Bd3 Nb4 7. Bb5+ c6 8.
Ba4 Be7 9. O-O Bg4 10. a3 Na6 11. Qd3 O-O 12. Ne2 c5 13. c3 c4 14. Qe3 Nc7 15.
Ne5 Bf5 16. Ng3 Bg6 17. Nxg6 hxg6 18. Re1 Bd6 19. Qf3 b5 20. Bc2 Ne6 21. Be3
Qc7 22. Re2 Rae8 23. Rae1 Nd8 1/2-1/2

[Event "Montcalm 2 2023-24"]
[Site "Quebec CAN"]
[Date "2023.10.26"]
[Round "3"]
[White "Ouellet, Julien"]
[Black "Desbiens, Raphael"]
[Result "0-1"]
[WhiteElo "1500"]
[BlackElo "2125"]
[PlyCount "49"]
[EventDate "2023.10.12"]
[EventType "swiss"]
[EventRounds "5"]
[EventCountry "CAN"]

1. d4 Nf6 2. Bg5 e6 3. Nd2 d5 4. e3 c5 5. c3 Nc6 6. Bd3 e5 7. dxe5 Nxe5 8. Bc2
Bd6 9. h3 Ng6 10. Qf3 Ne5 11. Qe2 O-O 12. Ngf3 h6 13. Bf4 Re8 14. Bxe5 Bxe5 15.
Nxe5 Rxe5 16. Nf3 Re7 17. O-O-O Qa5 18. Kb1 Be6 19. Bb3 Qb6 20. c4 dxc4 21.
Bxc4 Ne4 22. Rc1 Bxc4 23. Rxc4 Qb5 24. Nd4 Qxc4 25. Qxc4 0-1

[Event "Montcalm 2 2023-24"]
[Site "Quebec CAN"]
[Date "2023.11.02"]
[Round "4"]
[White "Auger, Bertrand"]
[Black "Duguay-Piron, Simon"]
[Result "0-1"]
[WhiteElo "1974"]
[BlackElo "1611"]
[PlyCount "60"]
[EventDate "2023.10.12"]
[EventType "swiss"]
[EventRounds "5"]
[EventCountry "CAN"]

1. Nf3 d5 2. g3 c6 3. Bg2 Bg4 4. O-O Nd7 5. d3 Ngf6 6. Bf4 Qb6 7. Qc1 Bxf3 8.
exf3 e5 9. Re1 Bc5 10. Be3 O-O 11. Nd2 a5 12. c3 a4 13. Qc2 Rfe8 14. Re2 Bxe3
15. Rxe3 a3 16. b3 d4 17. Nc4 Qc7 18. cxd4 exd4 19. Rxe8+ Rxe8 20. Nxa3 Nd5 21.
Qd2 Nc3 22. Re1 Rxe1+ 23. Qxe1 Qe5 24. Kf1 Qxe1+ 25. Kxe1 Nxa2 26. Kd2 Nc5 27.
Kc2 Nb4+ 28. Kd2 Nxb3+ 29. Ke2 Nc1+ 30. Kd2 Ncxd3 0-1

[Event "Montcalm 2 2023-24"]
[Site "Quebec CAN"]
[Date "2023.11.02"]
[Round "4"]
[White "Cournoyer, Dominic"]
[Black "Fecteau, Martin"]
[Result "1/2-1/2"]
[WhiteElo "1908"]
[BlackElo "1906"]
[PlyCount "88"]
[EventDate "2023.10.12"]
[EventType "swiss"]
[EventRounds "5"]
[EventCountry "CAN"]

1. c4 e5 2. Nc3 Bb4 3. Nf3 Nc6 4. g3 Nf6 5. Bg2 O-O 6. O-O Bxc3 7. bxc3 e4 8.
Nd4 Nxd4 9. cxd4 d5 10. cxd5 Qxd5 11. Bb2 Qh5 12. e3 Bg4 13. f3 exf3 14. Bxf3
Bxf3 15. Qxf3 Qxf3 16. Rxf3 Ne4 17. d3 Nd6 18. Rc1 Rac8 19. e4 Rfd8 20. d5 f6
21. Rf2 Rd7 22. Rfc2 Ne8 23. g4 Rcd8 24. Kg2 Rd6 25. d4 Ra6 26. a3 Rd7 27. h3
Kf7 28. Rc4 Ke7 29. Kf3 Rb6 30. Rb4 Rxb4 31. axb4 a6 32. Ke3 Nd6 33. Bc3 Nb5
34. Be1 Kd8 35. Bg3 Re7 36. Kd3 Kd7 37. e5 Kd8 38. exf6 gxf6 39. Bh4 Rf7 40.
Rf1 Ke7 41. Re1+ Kf8 42. Rf1 Kg7 43. Bg3 Re7 44. Bh4 Rf7 1/2-1/2

[Event "Montcalm 2 2023-24"]
[Site "Quebec CAN"]
[Date "2023.11.02"]
[Round "4"]
[White "Desbiens, Raphael"]
[Black "Plante, Rejean"]
[Result "1/2-1/2"]
[WhiteElo "2125"]
[BlackElo "2021"]
[PlyCount "117"]
[EventDate "2023.10.12"]
[EventType "swiss"]
[EventRounds "5"]
[EventCountry "CAN"]

1. e4 c5 2. Nf3 Nc6 3. d4 cxd4 4. Nxd4 Qb6 5. Nb3 Nf6 6. Nc3 e6 7. Be3 Qc7 8.
a3 a6 9. f4 d6 10. Qd2 Be7 11. Be2 b5 12. g4 Nd7 13. h4 Nb6 14. Nd4 Nc4 15.
Ndxb5 axb5 16. Nxb5 Bxh4+ 17. Kd1 Nxe3+ 18. Qxe3 Qe7 19. Qb6 O-O 20. Qxc6 Bb7
21. Qc7 Bxe4 22. Qxe7 Bxe7 23. Rh3 Rfc8 24. Bd3 Bxd3 25. Rxd3 d5 26. a4 Bf6 27.
g5 Be7 28. a5 Ra6 29. Ra4 Rc5 30. Rb3 f6 31. gxf6 Bxf6 32. Nd6 Rxd6 33. a6 Rd8
34. a7 Rcc8 35. Rb7 h5 36. b4 h4 37. Ra3 Ra8 38. b5 Bd4 39. Ke2 h3 40. Kf3 h2
41. Kg2 Kh7 42. Kxh2 Rd6 43. Rh3+ Kg6 44. Rg3+ Kf5 45. Rf7+ Ke4 46. Ra3 Rb6 47.
Re7 Kxf4 48. Rb3 g5 49. Rd7 g4 50. c4 Ke5 51. Rb1 Be3 52. cxd5 Bf4+ 53. Kg2
exd5 54. Re1+ Kd4 55. Rd1+ Kc4 56. R1xd5 Be3 57. Re5 Bc5 58. Re4+ Kxb5 59. Rxg4
1/2-1/2

[Event "Montcalm 2 2023-24"]
[Site "Quebec CAN"]
[Date "2023.11.02"]
[Round "4"]
[White "Dumont, Eric"]
[Black "Genest, Dominic"]
[Result "1-0"]
[WhiteElo "1715"]
[BlackElo "1850"]
[PlyCount "137"]
[EventDate "2023.10.12"]
[EventType "swiss"]
[EventRounds "5"]
[EventCountry "CAN"]

1. d4 d5 2. Bf4 Bf5 3. e3 e6 4. c4 c6 5. Nc3 Nf6 6. Nf3 Nbd7 7. Qb3 Qb6 8. c5
Qxb3 9. axb3 Be7 10. h3 O-O 11. Be2 b6 12. b4 a5 13. bxa5 bxc5 14. O-O c4 15.
Nd2 Bb4 16. a6 Bxc3 17. bxc3 Ra7 18. Ra3 Rfa8 19. Rfa1 Nb8 20. Bxb8 Rxb8 21. g4
Bg6 22. Bf1 Rb2 23. R1a2 Rxa2 24. Rxa2 Nd7 25. e4 f6 26. f4 Nb8 27. f5 exf5 28.
gxf5 Be8 29. e5 Rxa6 30. Rxa6 Nxa6 31. Nxc4 dxc4 32. Bxc4+ Kf8 33. Bxa6 fxe5
34. dxe5 Ke7 35. Kf2 Kd7 36. Bc4 Ke7 37. Bg8 h6 38. Kg3 Kf8 39. Bb3 Ke7 40. h4
Bd7 41. Kf4 Be8 42. Ke4 Bd7 43. e6 Be8 44. Ke5 Bh5 45. Bc2 Be2 46. Be4 Bb5 47.
Bf3 Ba4 48. c4 Bb3 49. c5 Ba4 50. Be2 Bc2 51. Bf3 Ba4 52. Kd4 Kd8 53. Be4 Bb5
54. Kc3 Kc7 55. Bd3 Ba4 56. Kb4 Bd1 57. Be4 Bh5 58. Ka5 Be8 59. Bf3 Kb7 60. Be2
Ka7 61. Ba6 Bh5 62. Bc8 Kb8 63. Ba6 Kc7 64. Bd3 Kb7 65. Be4 Be8 66. Kb4 Kc7 67.
Kc3 Kd8 68. Kd4 Bh5 69. Bxc6 1-0

[Event "Montcalm 2 2023-24"]
[Site "Quebec CAN"]
[Date "2023.11.02"]
[Round "4"]
[White "Fleury, Dominic"]
[Black "Huxley, Zachary"]
[Result "0-1"]
[WhiteElo "1394"]
[BlackElo "1206"]
[PlyCount "108"]
[EventDate "2023.10.12"]
[EventType "swiss"]
[EventRounds "5"]
[EventCountry "CAN"]

1. e4 c5 2. Nf3 Nc6 3. c3 e5 4. Bc4 Nf6 5. d3 Na5 6. Nxe5 Nxc4 7. Nxc4 b6 8.
Bg5 h6 9. Bf4 d5 10. exd5 Qxd5 11. O-O Be7 12. Re1 Be6 13. Nbd2 Qxd3 14. Ne5
Qf5 15. Qf3 O-O 16. Nc6 Rae8 17. Nxe7+ Rxe7 18. Bd6 Rd7 19. Bxf8 Rxd2 20. Qxf5
Bxf5 21. Be7 Nd5 22. b4 Be6 23. Bd6 Nxc3 24. bxc5 bxc5 25. Bxc5 a6 26. a4 Rd5
27. Bb4 Rd3 28. Bxc3 Rxc3 29. a5 Rc5 30. h3 Rg5 31. g4 Rc5 32. Kg2 g6 33. f4 h5
34. g5 Rc2+ 35. Kg3 Rc3+ 36. Kf2 Rxh3 37. Rec1 Rh4 38. Rc6 Rxf4+ 39. Ke3 Bd5
40. Rxa6 Rf5 41. Rd6 Rxg5 42. a6 Bg2 43. a7 h4 44. Rg1 h3 45. Rd8+ Kg7 46. Rxg2
hxg2 47. a8=Q g1=Q+ 48. Kd3 Qg3+ 49. Kc4 Qf4+ 50. Rd4 Qc7+ 51. Kd3 Rg3+ 52. Kd2
Qc3+ 53. Ke2 Qe3+ 54. Kf1 Rg1# 0-1

[Event "Montcalm 2 2023-24"]
[Site "Quebec CAN"]
[Date "2023.11.02"]
[Round "4"]
[White "Mercure, Gilbert"]
[Black "Marquis, Paul"]
[Result "0-1"]
[WhiteElo "1791"]
[BlackElo "1918"]
[PlyCount "84"]
[EventDate "2023.10.12"]
[EventType "swiss"]
[EventRounds "5"]
[EventCountry "CAN"]

1. e4 e6 2. Nf3 d5 3. e5 c5 4. b4 d4 5. Bb2 Nh6 6. b5 b6 7. c4 Bb7 8. d3 Qc7 9.
Nbd2 Nd7 10. Qe2 Be7 11. Rg1 O-O-O 12. g4 Nf8 13. Bc1 f5 14. h3 fxg4 15. hxg4
Ng6 16. Nb3 Nf7 17. a4 Nfxe5 18. Nxe5 Qxe5 19. f4 Qxe2+ 20. Bxe2 e5 21. f5 Nf4
22. Bxf4 exf4 23. O-O-O Bg5 24. Kc2 f3 25. Bf1 Rde8 26. Nd2 Re3 27. Rg3 Rhe8
28. Rh3 h6 29. Rh2 Bf4 30. Rh5 Re1 31. Ne4 Rxd1 32. Kxd1 Bxe4 33. dxe4 Rxe4 34.
f6 gxf6 35. Rf5 f2 36. Bd3 Re1+ 37. Kc2 Rc1+ 38. Kb3 f1=Q 39. Bxf1 Rxf1 40.
Rxf6 Rf3+ 41. Kc2 d3+ 42. Kd1 Rf1# 0-1

[Event "Montcalm 2 2023-24"]
[Site "Quebec CAN"]
[Date "2023.11.02"]
[Round "4"]
[White "Michaud, Jacques"]
[Black "Brown, Zachary"]
[Result "0-1"]
[WhiteElo "1446"]
[BlackElo "1566"]
[PlyCount "94"]
[EventDate "2023.10.12"]
[EventType "swiss"]
[EventRounds "5"]
[EventCountry "CAN"]

1. d4 Nf6 2. Bg5 d5 3. Bxf6 exf6 4. Nd2 Bf5 5. Ngf3 Be7 6. Nh4 Be6 7. Nhf3 f5
8. e3 O-O 9. Bd3 Nd7 10. O-O Bd6 11. c4 c6 12. cxd5 cxd5 13. Rc1 Nf6 14. Nb3 b6
15. Ne5 Ng4 16. Nxg4 fxg4 17. e4 Bf4 18. Rc3 h5 19. g3 Bh6 20. e5 Qg5 21. Rc2
Rac8 22. Rxc8 Rxc8 23. Re1 Qe7 24. h4 Qd7 25. Re2 g6 26. Rc2 Bf5 27. Bxf5 Qxf5
28. Rxc8+ Qxc8 29. Qd3 Bf8 30. Qb5 Qb7 31. a4 a6 32. Qd3 b5 33. axb5 axb5 34.
Nc5 Bxc5 35. dxc5 Qc6 36. b4 Kf8 37. Kg2 Ke7 38. Qd4 Ke6 39. Kf1 Qc7 40. Ke2
Qxe5+ 41. Qxe5+ Kxe5 42. Kd3 f6 43. Ke3 g5 44. hxg5 fxg5 45. Kd3 h4 46. Ke2 h3
47. Kf1 d4 0-1

[Event "Montcalm 2 2023-24"]
[Site "Quebec CAN"]
[Date "2023.11.02"]
[Round "4"]
[White "Miskic, Zdenko"]
[Black "Boyer, Vincent"]
[Result "1/2-1/2"]
[WhiteElo "1410"]
[BlackElo "1273"]
[PlyCount "56"]
[EventDate "2023.10.12"]
[EventType "swiss"]
[EventRounds "5"]
[EventCountry "CAN"]

1. e4 e6 2. d4 d5 3. e5 c5 4. Nf3 Nc6 5. c3 Qb6 6. Be2 cxd4 7. cxd4 Nge7 8.
Nbd2 Nxd4 9. O-O Nxe2+ 10. Qxe2 Nc6 11. Nb3 Be7 12. Be3 Qc7 13. Rac1 Qb8 14.
Bf4 O-O 15. h4 f6 16. exf6 Qxf4 17. fxe7 Nxe7 18. Nc5 Rf6 19. Rfe1 Qg4 20. Ng5
Qxh4 21. Ncxe6 Bxe6 22. Nxe6 Rh6 23. f3 Qh2+ 24. Kf2 Nf5 25. Qe5 Qh4+ 26. Kg1
Qh1+ 27. Kf2 Qh4+ 28. Kg1 Qh1+ 1/2-1/2

[Event "Montcalm 2 2023-24"]
[Site "Quebec CAN"]
[Date "2023.11.02"]
[Round "4"]
[White "Sarra-Bournet, Marc"]
[Black "Drolet, Stephane"]
[Result "0-1"]
[WhiteElo "1843"]
[BlackElo "2048"]
[PlyCount "70"]
[EventDate "2023.10.12"]
[EventType "swiss"]
[EventRounds "5"]
[EventCountry "CAN"]

1. e4 c5 2. Nc3 e6 3. f4 a6 4. Nf3 d5 5. e5 Nc6 6. d3 Nh6 7. Be2 Nf5 8. Bd2 b5
9. O-O h5 10. Ng5 h4 11. Bg4 g6 12. Bxf5 gxf5 13. Qe1 Nb4 14. Qd1 Be7 15. a4
Bxg5 16. fxg5 h3 17. axb5 hxg2 18. Rf2 d4 19. Na4 axb5 20. Nxc5 Rxa1 21. Qxa1
Nc6 22. Bf4 Qd5 23. Na6 Kd7 24. Qa3 Nxe5 25. Nc5+ Ke8 26. Qb4 Nf3+ 27. Kxg2
Nxg5+ 28. Kf1 Nh3 29. Qxb5+ Ke7 30. Qb4 Kf6 31. Bg5+ Nxg5 32. Ne4+ Nxe4 33.
dxe4 Ba6+ 34. Kg2 Qxe4+ 35. Rf3 Qe2+ 0-1

[Event "Montcalm 2 2023-24"]
[Site "Quebec CAN"]
[Date "2023.11.02"]
[Round "4"]
[White "Sauve, Richard"]
[Black "Bergeron, Nicolas"]
[Result "1-0"]
[WhiteElo "1943"]
[BlackElo "1322"]
[PlyCount "109"]
[EventDate "2023.10.12"]
[EventType "swiss"]
[EventRounds "5"]
[EventCountry "CAN"]

1. d4 Nf6 2. c4 g6 3. Nc3 d5 4. e3 Bg7 5. Nf3 O-O 6. cxd5 Nxd5 7. Bc4 Nb6 8.
Bb3 Nc6 9. O-O Bg4 10. h3 Bxf3 11. Qxf3 e5 12. dxe5 Bxe5 13. Rd1 Qe7 14. Bd2
Rfd8 15. Be1 Na5 16. Nd5 Nxd5 17. Bxd5 c6 18. Bxa5 Rxd5 19. Rxd5 cxd5 20. Qxd5
Rc8 21. Qb3 Qc5 22. Bc3 Bxc3 23. Rc1 b6 24. Rxc3 Qf5 25. Rxc8+ Qxc8 26. Qc3 Qd8
27. Qc2 Qd5 28. a3 h5 29. Qc8+ Kg7 30. Qc3+ Kg8 31. Qd4 Qa5 32. g4 Qe1+ 33. Kg2
Qa5 34. Qf4 hxg4 35. hxg4 Qd5+ 36. Kg3 Qd7 37. Qe5 Qb7 38. e4 Qd7 39. Qd5 Qc7+
40. e5 a5 41. f4 Qc1 42. Qd8+ Kg7 43. Qxb6 Qe1+ 44. Qf2 Qd1 45. f5 Qb3+ 46. Kh4
Qd5 47. fxg6 Qd8+ 48. Qf6+ Qxf6+ 49. exf6+ Kxg6 50. b4 axb4 51. axb4 Kxf6 52.
b5 Ke6 53. Kg5 Ke7 54. b6 f6+ 55. Kf5 1-0

[Event "Montcalm 2 2023-24"]
[Site "Quebec CAN"]
[Date "2023.11.09"]
[Round "5"]
[White "Bergeron, Nicolas"]
[Black "Oliver, Vance"]
[Result "1/2-1/2"]
[WhiteElo "1322"]
[BlackElo "1607"]
[PlyCount "71"]
[EventDate "2023.10.12"]
[EventType "swiss"]
[EventRounds "5"]
[EventCountry "CAN"]

1. e4 d6 2. d4 Nf6 3. Nc3 g6 4. Nf3 Bg7 5. Be2 O-O 6. O-O Nbd7 7. Re1 e5 8. a4
exd4 9. Nxd4 Nc5 10. Bc4 Ncxe4 11. Nxe4 Nxe4 12. Rxe4 d5 13. Re1 dxc4 14. Nb5
Bd7 15. Na3 c3 16. b3 Re8 17. Be3 a6 18. Qe2 Qh4 19. Rad1 Bc6 20. Rd3 Be5 21.
h3 Qe4 22. Qg4 Qxg4 23. hxg4 Rad8 24. Red1 Rxd3 25. Rxd3 b5 26. axb5 axb5 27.
Bc5 Be4 28. Re3 Bf4 29. Rxc3 Bd3 30. g3 Re1+ 31. Kh2 Be4 32. gxf4 Rh1+ 33. Kg3
Rg1+ 34. Kh2 Rh1+ 35. Kg3 Rg1+ 36. Kh2 1/2-1/2

[Event "Montcalm 2 2023-24"]
[Site "Quebec CAN"]
[Date "2023.11.09"]
[Round "5"]
[White "Boissinot, Claude"]
[Black "Miskic, Zdenko"]
[Result "0-1"]
[WhiteElo "1466"]
[BlackElo "1410"]
[PlyCount "64"]
[EventDate "2023.10.12"]
[EventType "swiss"]
[EventRounds "5"]
[EventCountry "CAN"]

1. e4 d5 2. exd5 Qxd5 3. Nc3 Qd6 4. d4 Nf6 5. Be2 a6 6. Nf3 e6 7. O-O Be7 8. g3
c6 9. Bf4 Qd8 10. a3 Nd5 11. Bd2 O-O 12. Bd3 Nd7 13. h4 b5 14. Ne4 Bb7 15. Neg5
h6 16. Nh3 c5 17. c3 Nxc3 18. bxc3 c4 19. Bb1 Qb6 20. Be3 Qc6 21. d5 exd5 22.
Nd4 Qc8 23. Nf5 Bf6 24. Qc2 g6 25. Nxh6+ Kg7 26. Ng4 Ne5 27. Bh6+ Kh8 28. Nxe5
Bxe5 29. Ng5 d4 30. cxd4 Bxd4 31. Ra2 Qg4 32. Qe2 Qxg3# 0-1

[Event "Montcalm 2 2023-24"]
[Site "Quebec CAN"]
[Date "2023.11.09"]
[Round "5"]
[White "Brown, Zachary"]
[Black "Dumont, Eric"]
[Result "1-0"]
[WhiteElo "1566"]
[BlackElo "1715"]
[PlyCount "47"]
[EventDate "2023.10.12"]
[EventType "swiss"]
[EventRounds "5"]
[EventCountry "CAN"]

1. e4 c6 2. d4 d5 3. f3 e5 4. Ne2 exd4 5. Qxd4 Qh4+ 6. Ng3 Nf6 7. Qe5+ Be6 8.
Bg5 Nbd7 9. Qxe6+ fxe6 10. Bxh4 Bb4+ 11. c3 Bc5 12. Nd2 O-O 13. Bxf6 Rxf6 14.
O-O-O b5 15. Nb3 Be3+ 16. Kb1 a5 17. Nd4 Ne5 18. Nc2 Bb6 19. Bd3 b4 20. cxb4 c5
21. bxc5 Bxc5 22. exd5 Nxd3 23. Rxd3 exd5 24. Rxd5 1-0

[Event "Montcalm 2 2023-24"]
[Site "Quebec CAN"]
[Date "2023.11.09"]
[Round "5"]
[White "Desbiens, Raphael"]
[Black "Sarra-Bournet, Marc"]
[Result "1-0"]
[WhiteElo "2125"]
[BlackElo "1843"]
[PlyCount "59"]
[EventDate "2023.10.12"]
[EventType "swiss"]
[EventRounds "5"]
[EventCountry "CAN"]

1. e4 e5 2. Nf3 Nc6 3. Bb5 a6 4. Ba4 Nf6 5. O-O b5 6. Bb3 Be7 7. d4 exd4 8. e5
Ne4 9. Bd5 Nc5 10. Nxd4 Bb7 11. Nf5 O-O 12. Re1 Ne6 13. Qg4 g6 14. f4 Rb8 15.
Nh6+ Kh8 16. Rd1 Bc5+ 17. Kh1 Ncd4 18. Bxb7 Rxb7 19. Nc3 d5 20. exd6 f5 21. Qh3
Bxd6 22. Be3 Nxc2 23. Rac1 Nxe3 24. Qxe3 Qc8 25. Ne2 Kg7 26. Rxd6 Kxh6 27. Rxe6
c5 28. Rxc5 Qd7 29. Nd4 Rd8 30. Nxf5+ 1-0

[Event "Montcalm 2 2023-24"]
[Site "Quebec CAN"]
[Date "2023.11.09"]
[Round "5"]
[White "Drolet, Stephane"]
[Black "Marquis, Paul"]
[Result "1-0"]
[WhiteElo "2048"]
[BlackElo "1918"]
[PlyCount "59"]
[EventDate "2023.10.12"]
[EventType "swiss"]
[EventRounds "5"]
[EventCountry "CAN"]

1. Nf3 Nf6 2. c4 g6 3. b3 Bg7 4. Bb2 d6 5. d4 O-O 6. g3 Bg4 7. Bg2 c6 8. Nbd2
Qc7 9. h3 Bxf3 10. Bxf3 e5 11. e3 Re8 12. Qc2 exd4 13. Bxd4 Nbd7 14. O-O Ne5
15. Bg2 Rad8 16. e4 c5 17. Bb2 Nc6 18. Rae1 Nh5 19. Nb1 Nb4 20. Qd2 Bxb2 21.
Qxb2 Nd3 22. Qa1 Nxe1 23. Rxe1 Qe7 24. Nc3 Qe5 25. Rd1 Nf6 26. f4 Qe6 27. g4
Rf8 28. g5 Nd7 29. Nd5 f5 30. exf5 1-0

[Event "Montcalm 2 2023-24"]
[Site "Quebec CAN"]
[Date "2023.11.09"]
[Round "5"]
[White "Gagne, Louis"]
[Black "Bourassa, Louis"]
[Result "1/2-1/2"]
[WhiteElo "1118"]
[BlackElo "1313"]
[PlyCount "96"]
[EventDate "2023.10.12"]
[EventType "swiss"]
[EventRounds "5"]
[EventCountry "CAN"]

1. d4 d5 2. e3 Nf6 3. Bd3 Bg4 4. Qd2 e6 5. f4 c5 6. c3 Nc6 7. Nf3 Bd6 8. Ne5
Bf5 9. O-O Bxd3 10. Qxd3 Ne4 11. Nd2 f5 12. Ndf3 O-O 13. Bd2 Rc8 14. Be1 cxd4
15. exd4 Be7 16. Nd2 Rf6 17. Rf3 Rh6 18. Rh3 Nxe5 19. fxe5 Bg5 20. Rxh6 Bxh6
21. Nf3 a6 22. Bd2 Bxd2 23. Nxd2 Qh4 24. Rf1 Qh6 25. Nxe4 fxe4 26. Qe2 Rf8 27.
Rxf8+ Kxf8 28. h3 Qh4 29. Kh2 Ke7 30. g3 Qh6 31. h4 g5 32. Kh3 gxh4 33. gxh4
Qg6 34. b3 h6 35. c4 Qf5+ 36. Kg3 h5 37. cxd5 exd5 38. Kg2 Ke6 39. Qf2 b5 40.
Qg3 Qf7 41. Qh3+ Qf5 42. Qxf5+ Kxf5 43. Kf2 b4 44. Kg3 Ke6 45. Kf4 a5 46. Ke3
Kf5 47. Ke2 Ke6 48. Ke3 Kf5 1/2-1/2

[Event "Montcalm 2 2023-24"]
[Site "Quebec CAN"]
[Date "2023.11.09"]
[Round "5"]
[White "Huxley, Zachary"]
[Black "Cournoyer, Dominic"]
[Result "0-1"]
[WhiteElo "1206"]
[BlackElo "1908"]
[PlyCount "98"]
[EventDate "2023.10.12"]
[EventType "swiss"]
[EventRounds "5"]
[EventCountry "CAN"]

1. e4 c6 2. Nf3 d5 3. Nc3 dxe4 4. Nxe4 Nf6 5. Nxf6+ exf6 6. Bc4 Be7 7. O-O O-O
8. d4 Nd7 9. Re1 Nb6 10. Bb3 Bd6 11. Be3 Bg4 12. h3 Bh5 13. c3 Qc7 14. c4 Bb4
15. Rf1 Rad8 16. d5 cxd5 17. Bxb6 Qxb6 18. cxd5 Qd6 19. Qd3 a6 20. Nd4 Bg6 21.
Qf3 Rfe8 22. Nf5 Qe5 23. Ng3 Qxb2 24. Rad1 Qe5 25. h4 h6 26. h5 Bh7 27. d6 Rd7
28. Ba4 b5 29. Qc6 Rxd6 30. Rxd6 Bxd6 31. Bb3 Bc5 32. Qd7 Rf8 33. Kh1 Bxf2 34.
Rxf2 Qxg3 35. Kg1 Bd3 36. Rf3 Qe1+ 37. Kh2 Bc4 38. Qg4 Bxb3 39. axb3 Qe5+ 40.
Kg1 Rd8 41. Rg3 Qg5 42. Qf3 Qc1+ 43. Kh2 Qc5 44. Qxf6 Qxh5+ 45. Kg1 Rd1+ 46.
Kf2 Qc5+ 47. Ke2 Qc2+ 48. Ke3 Qd3+ 49. Kf4 Qxg3+ 0-1

[Event "Montcalm 2 2023-24"]
[Site "Quebec CAN"]
[Date "2023.11.09"]
[Round "5"]
[White "Jardine, Robert"]
[Black "Genest, Dominic"]
[Result "0-1"]
[WhiteElo "1163"]
[BlackElo "1850"]
[PlyCount "136"]
[EventDate "2023.10.12"]
[EventType "swiss"]
[EventRounds "5"]
[EventCountry "CAN"]

1. Nf3 d5 2. g3 Nf6 3. Bg2 Bf5 4. d3 Nc6 5. Nbd2 e5 6. c3 Bd6 7. Qc2 e4 8. Nd4
Nxd4 9. cxd4 exd3 10. Qa4+ Bd7 11. Qd1 dxe2 12. Qxe2+ Qe7 13. Qxe7+ Bxe7 14.
O-O O-O 15. Nb3 Rad8 16. f3 Rfe8 17. Be3 Ba4 18. Nc1 Bb5 19. Rd1 h6 20. Bf2 Bb4
21. Bf1 Bxf1 22. Kxf1 Nd7 23. a3 Ba5 24. b4 Bb6 25. Nb3 c6 26. Rac1 Bc7 27. a4
Bd6 28. Nc5 Nxc5 29. bxc5 Bc7 30. Rc2 Rd7 31. Re1 Rde7 32. Rxe7 Rxe7 33. Re2
Rxe2 34. Kxe2 Ba5 35. Kd3 f6 36. h4 g5 37. g4 Kf7 38. h5 Ke6 39. Bg3 Bd8 40. f4
Bc7 41. Ke3 Kd7 42. Kf3 b6 43. Bf2 Bxf4 44. cxb6 axb6 45. Be1 Bc7 46. Bb4 Bd6
47. Bc3 Ke6 48. a5 bxa5 49. Bxa5 f5 50. Bc3 f4 51. Bb2 Kd7 52. Bc3 Kc8 53. Ba5
c5 54. dxc5 Bxc5 55. Bd2 Kd7 56. Ba5 Kc6 57. Bd8 Bd4 58. Be7 Bg7 59. Bb4 Kb5
60. Bd2 Kc4 61. Ke2 Kd4 62. Kf3 Kd3 63. Ba5 Kc2 64. Be1 Bc3 65. Bf2 d4 66. Bxd4
Bxd4 67. Ke2 Kc3 68. Kf3 Kd3 0-1

[Event "Montcalm 2 2023-24"]
[Site "Quebec CAN"]
[Date "2023.11.09"]
[Round "5"]
[White "Laflamme, Simon"]
[Black "Mercure, Gilbert"]
[Result "0-1"]
[WhiteElo "1895"]
[BlackElo "1791"]
[PlyCount "82"]
[EventDate "2023.10.12"]
[EventType "swiss"]
[EventRounds "5"]
[EventCountry "CAN"]

1. Nf3 d5 2. c4 d4 3. b4 Bg4 4. Qb3 f6 5. e4 e5 6. c5 a5 7. Bc4 Nh6 8. d3 a4 9.
Bb5+ Bd7 10. Qe6+ Qe7 11. Bxd7+ Nxd7 12. Qxe7+ Bxe7 13. Bd2 c6 14. Na3 b6 15.
cxb6 Nxb6 16. Rc1 Kd7 17. Nc4 Nxc4 18. dxc4 a3 19. c5 Nf7 20. Ke2 Nd8 21. Ne1
Ne6 22. Nd3 Nc7 23. Rb1 Nb5 24. Rb3 Ra4 25. h4 h5 26. f3 g6 27. Kf2 Ke6 28. Nc1
f5 29. Rd3 fxe4 30. fxe4 Nc3 31. Bxc3 dxc3 32. Rxc3 Rxb4 33. Ke3 Ra8 34. Nd3
Rd4 35. g3 Raa4 36. Rb1 Rxe4+ 37. Kd2 Red4 38. Ke2 Rdc4 39. Rbb3 Rxc3 40. Rxc3
Kd5 41. Ke3 g5 0-1

[Event "Montcalm 2 2023-24"]
[Site "Quebec CAN"]
[Date "2023.11.09"]
[Round "5"]
[White "Lapierre, Gaetan"]
[Black "Sauve, Richard"]
[Result "1/2-1/2"]
[WhiteElo "1729"]
[BlackElo "1943"]
[PlyCount "77"]
[EventDate "2023.10.12"]
[EventType "swiss"]
[EventRounds "5"]
[EventCountry "CAN"]

1. e4 e6 2. d3 d5 3. Nd2 Nf6 4. g3 c5 5. Ngf3 Nc6 6. Bg2 Be7 7. O-O O-O 8. c3
Qc7 9. Re1 b6 10. a3 Ba6 11. e5 Nd7 12. d4 cxd4 13. cxd4 Na5 14. Nf1 Rac8 15.
b4 Bxf1 16. Bxf1 Nc4 17. Bd3 Rfd8 18. Ng5 Nf8 19. Qh5 Bxg5 20. Bxg5 Re8 21. b5
Nb2 22. Rac1 Qd7 23. Rxc8 Rxc8 24. Bb1 Rc4 25. Kg2 Rxd4 26. Bf6 Nc4 27. Qg5 Ng6
28. h4 Nd2 29. h5 Ne4 30. Bxe4 Rxe4 31. Rxe4 dxe4 32. hxg6 hxg6 33. Be7 Qxb5
34. Bd6 Qe2 35. Qd8+ Kh7 36. Qh4+ Kg8 37. Qd8+ Kh7 38. Qh4+ Kg8 39. Qd8+
1/2-1/2

[Event "Montcalm 2 2023-24"]
[Site "Quebec CAN"]
[Date "2023.11.09"]
[Round "5"]
[White "Plante, Rejean"]
[Black "Auger, Bertrand"]
[Result "1-0"]
[WhiteElo "2021"]
[BlackElo "1974"]
[PlyCount "77"]
[EventDate "2023.10.12"]
[EventType "swiss"]
[EventRounds "5"]
[EventCountry "CAN"]

1. c4 c5 2. Nc3 b6 3. Nf3 Bb7 4. e4 g6 5. d4 Bg7 6. d5 d6 7. Bf4 Nd7 8. Qd2 h6
9. h3 Ngf6 10. g4 g5 11. Bg3 Nf8 12. e5 dxe5 13. Nxe5 b5 14. Bd3 N6d7 15. Qe3
Nxe5 16. Bxe5 Bxe5 17. Qxe5 f6 18. Qe3 bxc4 19. Bxc4 Ng6 20. Bb5+ Kf8 21. O-O-O
Qd6 22. Rhe1 Ne5 23. Kb1 c4 24. Qe4 Rc8 25. Qf5 Rc7 26. Re2 Bc8 27. Qe4 Kg7 28.
f4 Ng6 29. f5 Nf4 30. Re3 Nd3 31. Qd4 Ne5 32. Ne4 Qb4 33. d6 Rb7 34. Rb3 Nc6
35. Bxc6 cxb3 36. Bxb7 Qa5 37. Bd5 Qxa2+ 38. Kc1 exd6 39. Qxf6+ 1-0